000 00703nam a2200289Ia 4500
005 20260324133550.0
008 008 260324s9999 xx 000 0 eng d
020 _a9781003418443
037 _aEBOOK
040 _aCRL
040 _beng
040 _cCRL
041 _2eng
041 _aeng
084 _qCRL
100 _aMichael Toch
_91193569
245 0 _aPeasants and Jews in Medieval Germany
245 0 _bStudies in Cultural, Social and Economic History
260 _bTaylor and Francis
260 _c2003
365 _a
365 _b220
856 _uhttp://www.taylorfrancis.com/books/9781003418443
942 _cEBOOK
999 _c1792735
_d1792735